| 000 | 01060nam a22002655a 4500 | ||
|---|---|---|---|
| 003 | OSt | ||
| 005 | 20170418111244.0 | ||
| 008 | 170404s2012 ua frb 000 0 ara d | ||
| 015 | _a2012 / 10294 | ||
| 020 | _a9789770470175 | ||
| 040 |
_aEG-ScBUE _bara _cEG-ScBUE |
||
| 082 | 0 | 4 |
_a320.557 _bج و د _222 |
| 100 | 1 | _aجودة، صلاح أحمد السيد. | |
| 245 | 1 | 2 |
_aالدولة الثيوقراطية (الدينية) في ميزان الشريعة الإسلامية : _bدراسة مقارنة / _cتأليف صلح أحمد السيد جودة. |
| 260 |
_aالقاهرة : _bدار النهضة العربية، _c2012. |
||
| 300 |
_a300 ص. ؛ _c24 سم. |
||
| 504 | _aيشتمل على إرجاعات ببليوجرافية. | ||
| 650 | 7 |
_aنظام الحكم في الإسلام. _2BUEsh |
|
| 650 | 7 |
_aالإسلام والدولة. _2BUEsh |
|
| 650 | 7 |
_aالاسلام والديمقراطية. _2BUEsh _916660 |
|
| 650 | 7 |
_aالإسلام والسياسة. _2BUEsh _913370 |
|
| 651 | _2BUEsh | ||
| 653 |
_bLLAAWW _cApril2017 |
||
| 942 | _2ddc | ||
| 999 |
_c24620 _d24592 |
||